Európsky dohovor o cezhraničnej televízii stanovuje pravidlá aj pre slovenské televízie
Slovenská republika podpísala Európsky dohovor o cezhraničnej televízii v r. 1996. Ciele Európskeho dohovoru o cezhraničnej televízii. Záväzky vyplývajúce z dohovoru pre zmluvné strany. Európska tvorba, reklama, sponzoring. Pravidlá vyplývajúce z dohovoru platia pre väčšinu televízií.
Saved in:
| Main Author: | |
|---|---|
| Other Authors: | |
| Format: | Book Chapter |
| Language: | Slovak |
| Subjects: | |
| Tags: |
No Tags, Be the first to tag this record!
|
MARC
| LEADER | 00000naa a2200000 4500 | ||
|---|---|---|---|
| 001 | r033087 | ||
| 005 | 20230921102155.9 | ||
| 041 | 0 | |a slo | |
| 044 | |a SK | ||
| 245 | 1 | 0 | |a Európsky dohovor o cezhraničnej televízii stanovuje pravidlá aj pre slovenské televízie |c Pavol Blahušiak, Ivana Jungová |
| 520 | |a Slovenská republika podpísala Európsky dohovor o cezhraničnej televízii v r. 1996. Ciele Európskeho dohovoru o cezhraničnej televízii. Záväzky vyplývajúce z dohovoru pre zmluvné strany. Európska tvorba, reklama, sponzoring. Pravidlá vyplývajúce z dohovoru platia pre väčšinu televízií. | ||
| 610 | 2 | 0 | |a televízia |
| 610 | 2 | 0 | |a normy právne |
| 610 | 2 | 0 | |a legislatíva |
| 610 | 2 | 0 | |a reklama |
| 610 | 2 | 0 | |a sponzorovanie |
| 610 | 2 | 0 | |a Slovensko |
| 610 | 2 | 0 | |a Európa |
| 610 | 2 | 0 | |a Európsky dohovor o cezhraničnej televízii |
| 100 | 1 | |a Blahušiak, Pavol | |
| 700 | 1 | |a Jungová, Ivana | |